Super Bowl Records - Statistics

General Stats
  • This quiz has been taken 20 times
  • The average score is 21 of 32
Answer Stats
Record Super Bowl Team # Team/Player % Correct
- - - - New England Patriots
100%
Most Wins (Team) - - 6 Pittsburgh Steelers
100%
Most Wins (Player) - Patriots 6 Tom Brady
100%
Most MVPs - Patriots 4 Tom Brady
100%
Oldest Player to Win LIII Patriots 42 Tom Brady
100%
Most Passes LI Patriots 62 Tom Brady
100%
Most Consecutive Appearances - - 4 Buffalo Bills
95%
Most Appearances - - 10 New England Patriots
95%
Youngest QB to Win XL Steelers 23 Ben Roethlisberger
90%
Lowest Passer Rating (Win) XL Steelers 22.6 Ben Roethlisberger
90%
Most Completions (Combined) XLIV Saints 63 Drew Brees
90%
- - Colts - Peyton Manning
90%
Most TD Passes XXIX 49ers 6 Steve Young
85%
Most Wins (Coach) - Giants/Patriots 8 Bill Belichick
80%
Highest Passer Rating XXI Giants 150.92 Phil Simms
80%
Most Receiving Yards XXIII 49ers 215 Jerry Rice
75%
Most Receiving TDs XXIV, XXIX 49ers 3 Jerry Rice
75%
Most Rushing TDs XXXII Broncos 3 Terrell Davis
75%
Longest Pick-6 XLIII Steelers 100 James Harrison
70%
Opening Kickoff TD XLI Bears - Devin Hester
65%
Longest TD Pass XXXVIII Panthers 85 Jake Delhomme
65%
Most Rushing Attempts XVII Redskins 38 John Riggins
65%
Longest TD XLVII Ravens 108 Jacoby Jones
55%
Most Receptions LI Patriots 14 James White
45%
Longest Rushing TD XL Steelers 75 Willie Parker
35%
Most Sacks X Steelers 4 L.C. Greenwood
20%
Longest Receiving TD XXXVIII Panthers 85 Mushin Muhammad
20%
Longest Punt XLIV Patriots 64 Ryan Allen
15%
- LI Falcons - Keanu Neal
5%
Longest Field Goal XXVIII Bills 54 Steve Christie
5%
Most Tackles XLIV Colts 13 Gary Brackett
0%
Most Interceptions XV Raiders 3 Rod Martin
0%
No matching quizzes found
Score Distribution
Percent of People with Each Score
Percentile by Number Answered
Your Score History
You have not taken this quiz